[Event "Titled Tue 17th Jun Early"]
[Site "chess.com INT"]
[Date "2025.06.17"]
[Round "1"]
[White "Zebracki, Tomasz"]
[Black "Ternault, Mathieu"]
[Result "0-1"]
[WhiteTitle "FM"]
[BlackTitle "FM"]
[WhiteElo "2230"]
[BlackElo "2275"]
[WhiteFideId "1181521"]
[BlackFideId "20641532"]
[EventDate "2025.06.17"]

1. d4 d5 2. c4 e6 3. Nc3 Nf6 4. cxd5 Nxd5 5. e4 Nxc3 6. bxc3 c5 7. Nf3 cxd4 8.
cxd4 Bb4+ 9. Bd2 Bxd2+ 10. Qxd2 O-O 11. Be2 Nd7 12. O-O Nf6 13. Qf4 h6 14. Rfd1
b6 15. d5 exd5 16. exd5 Re8 17. Bb5 Re4 18. Qd2 Bg4 19. Be2 Qd6 20. h3 Bh5 21.
g4 Bxg4 22. hxg4 Nxg4 23. Bd3 Rf4 24. Kg2 Qf6 25. Be2 Re8 26. Re1 Ne5 27. Qc3
Nxf3 28. Qxf6 Nxe1+ 29. Rxe1 Rxf6 30. Kf1 Rd6 31. Bc4 Rxe1+ 32. Kxe1 f5 0-1

[Event "Titled Tue 17th Jun Early"]
[Site "chess.com INT"]
[Date "2025.06.17"]
[Round "1"]
[White "Salimova, Asal"]
[Black "Aakash Sharadchandra, Dalvi"]
[Result "0-1"]
[WhiteTitle "WCM"]
[BlackTitle "FM"]
[WhiteElo "2063"]
[BlackElo "2396"]
[WhiteFideId "14204940"]
[BlackFideId "25033220"]
[EventDate "2025.06.17"]

1. d4 Nf6 2. c4 e6 3. Nc3 d5 4. cxd5 exd5 5. Bg5 c6 6. e3 Be7 7. Bd3 h6 8. Bh4
O-O 9. Nge2 Ne8 10. Bg3 Nd7 11. O-O Ndf6 12. f3 b5 13. a3 Nd6 14. Qc2 Nc4 15.
Bf2 a5 16. e4 a4 17. e5 Ne8 18. Ng3 Bh4 19. Rae1 Nc7 20. Re2 Ne6 21. Bxc4 dxc4
22. Rd1 Nf4 23. Ree1 Nd3 24. Rxd3 cxd3 25. Qxd3 Be6 26. Nce4 Be7 27. f4 f5 28.
exf6 Bxf6 29. Nc5 Bd5 30. Qg6 Bf7 31. Qe4 Qd5 32. Qd3 Rfe8 33. Rc1 Rad8 34. Nb7
Bxd4 35. Bxd4 Qxd4+ 36. Qxd4 Rxd4 37. Rxc6 Rd1+ 38. Kf2 Rd2+ 39. Kf1 Bc4+ 40.
Kg1 Re1+ 0-1

[Event "Titled Tue 17th Jun Early"]
[Site "chess.com INT"]
[Date "2025.06.17"]
[Round "1"]
[White "Wyss, Jonas"]
[Black "Ezat, Mohamed"]
[Result "1-0"]
[WhiteTitle "FM"]
[BlackTitle "IM"]
[WhiteElo "2278"]
[BlackElo "2299"]
[WhiteFideId "1311387"]
[BlackFideId "10600906"]
[EventDate "2025.06.17"]

1. e4 e5 2. Nf3 Nc6 3. Nc3 Nf6 4. d4 exd4 5. Nxd4 Bb4 6. Nxc6 bxc6 7. Bd3 O-O 8.
O-O d5 9. exd5 cxd5 10. h3 c6 11. Qf3 Re8 12. Bf4 Bxc3 13. bxc3 Ne4 14. c4 Qf6
15. cxd5 cxd5 16. Rae1 Bf5 17. c4 Qc3 18. Bxe4 Qa5 19. Bxf5 Rxe1 20. Qxd5 Rxf1+
21. Kxf1 Qxd5 22. cxd5 g6 23. Bd7 f6 24. Bc7 Kf7 25. d6 f5 26. Bc6 Rh8 27. d7
Ke7 28. d8=Q+ Rxd8 29. Bxd8+ Kxd8 30. Ke2 Kc7 31. Bd5 Kd6 32. Bg8 h6 33. Ke3 g5
34. Kd4 Ke7 35. Ke5 f4 36. Bc4 a5 37. a4 Kf8 38. Kf6 f3 39. gxf3 g4 40. fxg4 h5
41. gxh5 1-0

[Event "Titled Tue 17th Jun Early"]
[Site "chess.com INT"]
[Date "2025.06.17"]
[Round "1"]
[White "Gutierrez Olivares, Daniel"]
[Black "Akobian, Varuzhan"]
[Result "0-1"]
[WhiteTitle "FM"]
[BlackTitle "GM"]
[WhiteElo "2354"]
[BlackElo "2551"]
[WhiteFideId "2264005"]
[BlackFideId "13300580"]
[EventDate "2025.06.17"]

1. Nf3 d5 2. c4 e6 3. g3 c5 4. Bg2 Nc6 5. b3 d4 6. O-O e5 7. d3 Bd6 8. e3 Nf6 9.
Na3 O-O 10. Nc2 h6 11. exd4 exd4 12. a3 a5 13. Rb1 Bf5 14. b4 axb4 15. axb4 Qd7
16. bxc5 Bxc5 17. Rb5 b6 18. Nh4 Bh3 19. Re1 Rae8 20. Ba3 Rxe1+ 21. Qxe1 Re8 22.
Qf1 Bxg2 23. Nxg2 Ne5 24. f4 Neg4 25. Bxc5 bxc5 26. Rxc5 Qa4 27. Nxd4 Qa7 28.
Nb3 Nd7 29. d4 Nxc5 30. Nxc5 Rd8 31. h3 Rxd4 32. hxg4 Qxc5 33. Kh2 Rxc4 34. Qf3
Qc6 35. Qd3 Rc2 0-1

[Event "Titled Tue 17th Jun Early"]
[Site "chess.com INT"]
[Date "2025.06.17"]
[Round "1"]
[White "Gogolev, Artem"]
[Black "Sarana, Alexey"]
[Result "0-1"]
[WhiteTitle "IM"]
[BlackTitle "GM"]
[WhiteElo "2240"]
[BlackElo "2686"]
[WhiteFideId "4116615"]
[BlackFideId "24133795"]
[EventDate "2025.06.17"]

1. d4 Nf6 2. c4 e6 3. g3 d5 4. Bg2 Be7 5. Nf3 O-O 6. O-O dxc4 7. Qc2 a6 8. a4 b6
9. Bg5 Bb7 10. Bxf6 Bxf6 11. Ng5 Bxg5 12. Bxb7 Ra7 13. Be4 f5 14. Bf3 Qxd4 15.
Na3 Bf6 16. Nxc4 Qc5 17. Rfd1 Nc6 18. e3 Ne5 19. Be2 Kh8 20. Qb3 Nxc4 21. Bxc4
Bxb2 22. Qxb2 Qxc4 23. Rd7 Rg8 24. Rad1 Raa8 25. Rc1 Qxa4 26. Rcxc7 Qg4 27. h3
Qg6 28. Qxb6 a5 29. Ra7 Rab8 30. Qxa5 Rb1+ 31. Kg2 f4 32. Qe5 fxg3 33. Qxg3 Qe4+ 0-1

[Event "Titled Tue 17th Jun Early"]
[Site "chess.com INT"]
[Date "2025.06.17"]
[Round "1"]
[White "Weerasekara, Dishal Nimsara"]
[Black "Dubnevych, Maksym"]
[Result "0-1"]
[WhiteTitle "FM"]
[BlackTitle "FM"]
[WhiteElo "2125"]
[BlackElo "2296"]
[WhiteFideId "9997431"]
[BlackFideId "14184001"]
[EventDate "2025.06.17"]

1. c4 e6 2. Nc3 d5 3. d4 Nf6 4. Nf3 c5 5. cxd5 cxd4 6. Nxd4 Nxd5 7. Bd2 Be7 8.
g3 O-O 9. Bg2 Nb6 10. Bf4 a6 11. O-O Bf6 12. Nb3 e5 13. Be3 Nc4 14. Bc5 Re8 15.
Qxd8 Rxd8 16. Nd5 Nc6 17. Nxf6+ gxf6 18. Rac1 Be6 19. Rc2 Rac8 20. Rfc1 b5 21.
f4 Kg7 22. e4 Nd4 23. Nxd4 exd4 24. b4 d3 25. Rf2 d2 26. Rd1 Bg4 27. Bf3 Bxf3
28. Rxf3 Nb2 29. Rff1 a5 30. Be3 Nxd1 31. Rxd1 Rc1 32. Rxc1 dxc1=Q+ 33. Bxc1
Rd1+ 34. Kf2 Rxc1 35. bxa5 Rc2+ 36. Kf3 Rxa2 37. Kg4 Rxa5 38. h4 b4 39. f5 b3
40. Kh5 b2 41. e5 b1=Q 42. g4 Rxe5 43. g5 Qd1# 0-1

[Event "Titled Tue 17th Jun Early"]
[Site "chess.com INT"]
[Date "2025.06.17"]
[Round "1"]
[White "Deng, Henry"]
[Black "Subervi, Jonathan Sigfredo"]
[Result "1-0"]
[WhiteTitle "FM"]
[BlackTitle "FM"]
[WhiteElo "2327"]
[BlackElo "2059"]
[WhiteFideId "30965454"]
[BlackFideId "6400345"]
[EventDate "2025.06.17"]

1. Nf3 d5 2. b3 Nf6 3. Bb2 Bg4 4. e3 Nbd7 5. Be2 c6 6. O-O e6 7. d3 Bd6 8. Nbd2
O-O 9. c4 e5 10. h3 Bh5 11. Rc1 a5 12. a4 Re8 13. cxd5 cxd5 14. e4 d4 15. Nxd4
Bxe2 16. Nxe2 Qb6 17. Nc4 Qa6 18. Ng3 g6 19. d4 Bb8 20. dxe5 Nxe5 21. Nxe5 Bxe5
22. Bxe5 Rxe5 23. Rc7 Rae8 24. Qf3 Qb6 25. Rfc1 R5e7 26. R7c5 Nxe4 27. Rb5 Qa6
28. Nf1 Nd6 29. Rd5 Nf5 30. Kh2 h5 31. Ng3 Nh4 32. Qf4 1-0

[Event "Titled Tue 17th Jun Early"]
[Site "chess.com INT"]
[Date "2025.06.17"]
[Round "1"]
[White "Slovineanu, Viacheslav"]
[Black "Deac, Bogdan-Daniel"]
[Result "0-1"]
[WhiteTitle "IM"]
[BlackTitle "GM"]
[WhiteElo "2412"]
[BlackElo "2674"]
[WhiteFideId "13900510"]
[BlackFideId "1226380"]
[EventDate "2025.06.17"]

1. d4 Nf6 2. Nf3 d5 3. c4 e6 4. e3 a6 5. b3 c5 6. Bd3 cxd4 7. exd4 Nc6 8. Bb2 g6
9. O-O Bg7 10. a3 O-O 11. c5 a5 12. Nbd2 b6 13. Rc1 Ba6 14. Qe2 Bxd3 15. Qxd3
Nd7 16. Ba1 bxc5 17. dxc5 Bxa1 18. Rxa1 Qe7 19. Rac1 Rfc8 20. Qc3 Qf6 21. Qxf6
Nxf6 22. Rb1 Rab8 23. Rfc1 Nd7 24. Nf1 Rb5 25. Ne3 Rxc5 26. b4 axb4 27. axb4
Rxc1+ 28. Rxc1 Nb6 29. Nd4 Nxd4 0-1

[Event "Titled Tue 17th Jun Early"]
[Site "chess.com INT"]
[Date "2025.06.17"]
[Round "1"]
[White "Mummana Venkata Ruthvik"]
[Black "Nakonechnyi, Oleksii"]
[Result "1-0"]
[WhiteTitle "CM"]
[BlackTitle "CM"]
[WhiteElo "2237"]
[BlackElo "2222"]
[WhiteFideId "25697307"]
[BlackFideId "34173714"]
[EventDate "2025.06.17"]

1. Nf3 Nf6 2. g3 c6 3. Bg2 Qc7 4. O-O e5 5. d3 d5 6. c4 d4 7. e3 dxe3 8. Bxe3
Be7 9. d4 exd4 10. Nxd4 O-O 11. Qc2 Nbd7 12. Nf5 Bc5 13. Bf4 Qb6 14. Nc3 Bb4 15.
a3 Bxc3 16. Qxc3 Nc5 17. Ne7+ Kh8 18. Be5 Ncd7 19. Bd6 Re8 20. c5 Qb5 21. Rfe1
Qa4 22. h3 Qa6 23. a4 Nf8 24. Bf1 b5 25. axb5 Qxa1 26. Rxa1 Bd7 27. bxc6 Be6 28.
Bg2 a6 29. c7 Ra7 30. Re1 a5 31. Rxe6 Nxe6 32. c8=Q Rxc8 33. Nxc8 Ra6 34. Be5
Nd8 35. Nd6 Kg8 36. Bxf6 gxf6 37. Qxf6 Nc6 38. Qxf7+ 1-0

[Event "Titled Tue 17th Jun Early"]
[Site "chess.com INT"]
[Date "2025.06.17"]
[Round "1"]
[White "Tatarinov, Dmitry"]
[Black "Martic, Ivan SRB"]
[Result "0-1"]
[WhiteTitle "FM"]
[BlackTitle "FM"]
[WhiteElo "2318"]
[BlackElo "2270"]
[WhiteFideId "24160067"]
[BlackFideId "929301"]
[EventDate "2025.06.17"]

1. e4 c5 2. Nf3 Nc6 3. Bb5 Nf6 4. e5 Ng4 5. c4 Ngxe5 6. O-O Nxf3+ 7. Qxf3 Nd4 8.
Qe4 Nxb5 9. cxb5 d5 10. Qa4 e6 11. d4 b6 12. dxc5 bxc5 13. Nc3 Be7 14. Bf4 O-O
15. Rfd1 a6 16. Rac1 Bd7 17. Qb3 c4 18. Qc2 axb5 19. Be5 f6 20. Bg3 b4 21. Nxd5
exd5 22. Rxd5 Qc8 23. Rh5 g6 24. Rh4 c3 25. bxc3 bxc3 26. Qe2 Ba3 27. Rc4 Bb5
28. R1xc3 Bxc4 29. Rxc4 Qf5 30. Rc7 Qb1+ 0-1

[Event "Titled Tue 17th Jun Early"]
[Site "chess.com INT"]
[Date "2025.06.17"]
[Round "1"]
[White "Cramling Bellon, Anna"]
[Black "Souleidis, Georgios"]
[Result "0-1"]
[WhiteTitle "WFM"]
[BlackTitle "IM"]
[WhiteElo "2046"]
[BlackElo "2418"]
[WhiteFideId "32009232"]
[BlackFideId "4206827"]
[EventDate "2025.06.17"]

1. d4 Nf6 2. c4 g6 3. Nc3 Bg7 4. e4 d6 5. Be2 O-O 6. Be3 e5 7. d5 Na6 8. h4 h5
9. f3 c6 10. Bg5 cxd5 11. cxd5 Qb6 12. Qd2 Nc5 13. Nh3 a5 14. Nf2 a4 15. g4 a3
16. b3 Kh7 17. Bxf6 Bxf6 18. gxh5 gxh5 19. f4 exf4 20. Bxh5 Qb4 21. Rc1 Nxb3 22.
axb3 a2 23. Nxa2 Qxd2+ 24. Kxd2 Rxa2+ 25. Rc2 Rxc2+ 26. Kxc2 Rg8 27. Kd2 Rg2 28.
Ke2 Bd4 29. Rf1 b6 30. Kf3 Rg3+ 31. Kxf4 Be5# 0-1

[Event "Titled Tue 17th Jun Early"]
[Site "chess.com INT"]
[Date "2025.06.17"]
[Round "1"]
[White "Pakleza, Zbigniew"]
[Black "Stojanovski, Sandi"]
[Result "1-0"]
[WhiteTitle "GM"]
[BlackTitle "FM"]
[WhiteElo "2484"]
[BlackElo "2169"]
[WhiteFideId "1119290"]
[BlackFideId "1403249"]
[EventDate "2025.06.17"]

1. d4 Nf6 2. Nf3 e6 3. Bf4 d5 4. e3 Bd6 5. Bg3 O-O 6. Nbd2 c5 7. c3 Qc7 8. Be2
Nbd7 9. c4 b6 10. Rc1 Bb7 11. dxc5 bxc5 12. Qa4 Bc6 13. Qa3 Rac8 14. O-O Bxg3
15. hxg3 Rfd8 16. Nb3 Ne4 17. Rfd1 Ba8 18. Nfd2 Ndf6 19. cxd5 exd5 20. Nxe4 Nxe4
21. Nxc5 Qe7 22. Nxe4 Qxa3 23. Nf6+ gxf6 24. bxa3 Kf8 25. Bf3 Rxc1 26. Rxc1 Ke7
27. Kf1 Bb7 28. Ke1 Kd6 29. Kd2 Rc8 30. Rh1 Rh8 31. Rh6 Ke5 32. Be2 Bc6 33. f4+ 1-0

[Event "Titled Tue 17th Jun Early"]
[Site "chess.com INT"]
[Date "2025.06.17"]
[Round "1"]
[White "Papaioannou, Dimitrios"]
[Black "Murawski, Jan"]
[Result "1-0"]
[WhiteTitle "CM"]
[BlackTitle "CM"]
[WhiteElo "2206"]
[BlackElo "2164"]
[WhiteFideId "25865137"]
[BlackFideId "21009287"]
[EventDate "2025.06.17"]

1. Nf3 Nf6 2. c4 e6 3. g3 d5 4. d4 dxc4 5. Bg2 Bb4+ 6. Bd2 c5 7. Qc1 b5 8. a4
Bb7 9. axb5 cxd4 10. Bxb4 Qd5 11. Na3 a5 12. Bd2 Nbd7 13. Qxc4 Rc8 14. Qxd5 Bxd5
15. O-O e5 16. Rfc1 Ke7 17. Bxa5 Rxc1+ 18. Rxc1 Ra8 19. Bb4+ Ke6 20. Bh3+ Ng4
21. Bxg4+ f5 22. Bh3 Bxf3 23. exf3 Kd5 24. Bxf5 Nb6 25. Be4+ 1-0

[Event "Titled Tue 17th Jun Early"]
[Site "chess.com INT"]
[Date "2025.06.17"]
[Round "1"]
[White "Lorans, Sylvain"]
[Black "Otdelnov, Kirill"]
[Result "0-1"]
[WhiteTitle "CM"]
[BlackTitle "FM"]
[WhiteElo "2155"]
[BlackElo "2273"]
[WhiteFideId "605794"]
[BlackFideId "24280216"]
[EventDate "2025.06.17"]

1. d4 g6 2. c4 Bg7 3. e4 d6 4. Nc3 c5 5. Nge2 Nc6 6. d5 Nd4 7. Be3 Nxe2 8. Bxe2
e6 9. dxe6 Bxe6 10. O-O Nf6 11. f4 O-O 12. f5 Bc8 13. Bg5 Qe8 14. Qd2 Qe5 15.
Kh1 Re8 16. Bxf6 Bxf6 17. Nd5 Rf8 18. Bd3 g5 0-1

[Event "Titled Tue 17th Jun Early"]
[Site "chess.com INT"]
[Date "2025.06.17"]
[Round "1"]
[White "Looi, Xin Hao"]
[Black "Sapocinic, Semion"]
[Result "0-1"]
[WhiteTitle "CM"]
[BlackTitle "FM"]
[WhiteElo "2009"]
[BlackElo "2296"]
[WhiteFideId "5702828"]
[BlackFideId "13908693"]
[EventDate "2025.06.17"]

1. d4 Nf6 2. Nf3 d5 3. e3 a6 4. Bd3 Bg4 5. O-O e6 6. b3 Nbd7 7. Bb2 Bd6 8. Nbd2
O-O 9. h3 Bh5 10. e4 dxe4 11. Nxe4 Nxe4 12. Bxe4 c6 13. c4 Nf6 14. Bc2 a5 15. a3
Be7 16. Re1 Qc7 17. Rc1 Rfd8 18. Qd3 Bg6 19. Qe2 Bf8 20. Bxg6 hxg6 21. Ne5 Re8
22. Qf3 Rad8 23. Rcd1 Bd6 24. g3 Rf8 25. Nd3 Rfe8 26. b4 axb4 27. axb4 b5 28. c5
Bf8 29. Ne5 Nd5 30. Qb3 Ra8 31. Ra1 Be7 32. Reb1 Bf6 33. Nf3 Qb7 34. Bc1 Rxa1
35. Rxa1 Ra8 36. Rxa8+ Qxa8 37. Bg5 Bxg5 38. Nxg5 Qa1+ 39. Kg2 Qxd4 40. Qa3 Nc7
41. Qa7 Qd5+ 0-1

[Event "Titled Tue 17th Jun Early"]
[Site "chess.com INT"]
[Date "2025.06.17"]
[Round "1"]
[White "Garcia Correa, Jose Ricardo"]
[Black "Medina, VInce Angelo"]
[Result "0-1"]
[WhiteTitle "FM"]
[WhiteElo "2103"]
[BlackElo "2138"]
[WhiteFideId "5101832"]
[BlackFideId "5205069"]
[EventDate "2025.06.17"]

1. e4 e6 2. d4 c5 3. Nc3 cxd4 4. Qxd4 Nc6 5. Qe3 Nf6 6. Bd3 d5 7. exd5 Nxd5 8.
Nxd5 Qxd5 9. Nf3 Bc5 10. Qe2 O-O 11. Bd2 e5 12. Be4 Qd6 13. O-O-O Qe7 14. h4 Be6
15. Kb1 f5 16. Bxc6 bxc6 17. Qxe5 Bxf2 18. Rhf1 Bc5 19. Rfe1 Rae8 20. Bc3 Bf2
21. Re2 Qf7 22. Qd6 Bxa2+ 23. Ka1 Rxe2 24. Ng5 Qg6 25. Kxa2 Qxd6 26. Rxd6 Bxh4
27. Ne6 Rf7 28. Rxc6 h6 29. Rc8+ Kh7 30. Nf8+ Rxf8 31. Rxf8 Rxc2 32. Rxf5 Rxg2
33. Rf7 a6 34. Ra7 Rg6 35. Kb3 Bf6 36. Rxa6 Bxc3 37. Rxg6 Kxg6 38. Kxc3 h5 39.
b4 Kf6 40. Kd4 Ke6 41. Kc5 Kd7 42. Kd5 h4 43. Ke4 g5 44. Kf3 Kc6 45. Kg4 Kb5 0-1

[Event "Titled Tue 17th Jun Early"]
[Site "chess.com INT"]
[Date "2025.06.17"]
[Round "1"]
[White "Agarwal, Amaya"]
[Black "Garrido, Denis"]
[Result "0-1"]
[WhiteTitle "WCM"]
[BlackTitle "FM"]
[WhiteElo "2004"]
[BlackElo "2230"]
[WhiteFideId "48733580"]
[BlackFideId "601217"]
[EventDate "2025.06.17"]

1. e4 c5 2. c3 Nf6 3. e5 Nd5 4. d4 cxd4 5. cxd4 Nc6 6. Nf3 g6 7. Bc4 Nb6 8. Bb3
Bg7 9. O-O O-O 10. Nc3 d6 11. exd6 Qxd6 12. Be3 Bg4 13. Ne4 Qd8 14. d5 Ne5 15.
Bxb6 Qxb6 16. Ned2 Bh6 17. h3 Bxd2 18. hxg4 Bf4 19. Nxe5 Bxe5 20. Re1 Qd6 21.
Qe2 Bf6 22. Rad1 Rac8 23. Rc1 Kg7 24. Qd2 h6 25. Rxc8 Rxc8 26. Rc1 Bg5 27. f4
Bxf4 28. Qd4+ Be5 29. Qd1 Rxc1 30. Qxc1 Bd4+ 31. Kh1 Qg3 0-1

[Event "Titled Tue 17th Jun Early"]
[Site "chess.com INT"]
[Date "2025.06.17"]
[Round "1"]
[White "Mikhalsky, Vladimir"]
[Black "Germanovs, Georgijs"]
[Result "0-1"]
[BlackTitle "CM"]
[WhiteElo "2219"]
[BlackElo "2260"]
[WhiteFideId "14144352"]
[BlackFideId "11609710"]
[EventDate "2025.06.17"]

1. d4 Nf6 2. c4 e6 3. g3 c5 4. d5 b5 5. Bg2 Bb7 6. e4 bxc4 7. Nc3 exd5 8. e5 Qe7
9. Qe2 Ne4 10. Nxe4 dxe4 11. Bxe4 Nc6 12. Nf3 h6 13. O-O g6 14. Qxc4 Bg7 15. Re1
O-O 16. h4 Rab8 17. Bf4 Nd8 18. Bxb7 Rxb7 19. b3 Ne6 20. Be3 d6 21. exd6 Qxd6
22. Rad1 Qc6 23. Nh2 h5 24. Rc1 Rc8 25. Bd2 Rd7 26. Bc3 Bxc3 27. Qxc3 Nd4 28.
Qc4 Qf6 29. b4 Rdc7 30. bxc5 Ne6 31. c6 Nd4 32. Qd5 Rxc6 33. Rxc6 Rxc6 34. Rd1
Rd6 35. Qa8+ Rd8 36. Qxa7 Ne2+ 37. Kf1 Nxg3+ 38. Kg2 Rxd1 39. Qb8+ Rd8 40. Qxg3
Rd4 41. Nf3 Rg4 0-1

[Event "Titled Tue 17th Jun Early"]
[Site "chess.com INT"]
[Date "2025.06.17"]
[Round "1"]
[White "Gong, Qianyun"]
[Black "Ng, Gary"]
[Result "1-0"]
[WhiteTitle "WGM"]
[BlackTitle "FM"]
[WhiteElo "2228"]
[BlackElo "2234"]
[WhiteFideId "8602425"]
[BlackFideId "2604914"]
[EventDate "2025.06.17"]

1. d4 f6 2. e4 g6 3. Nc3 Bg7 4. h4 e5 5. dxe5 fxe5 6. h5 c6 7. Bc4 Ne7 8. hxg6
hxg6 9. Rxh8+ Bxh8 10. Qf3 d5 11. exd5 Nf5 12. Nge2 Bd7 13. Bd2 Qb6 14. O-O-O
Na6 15. Bg5 Nb4 16. g4 Nd6 17. dxc6 Bxc6 18. Qh3 Nf7 19. Qh7 Nxg5 20. Qxh8+ Ke7
21. Qg7+ Ke8 22. Qxe5+ Kf8 23. Qf6+ Ke8 24. Qxg5 Qxf2 25. Qxg6+ Kf8 26. Nd4 Bg2
27. Ne6+ Ke7 28. Qg7+ Qf7 29. Rd7+ Kxd7 30. Qxf7+ Kc6 31. Nd4+ Kc5 32. Nb3+ Kb6
33. a3 Nc6 34. Na4# 1-0

[Event "Titled Tue 17th Jun Early"]
[Site "chess.com INT"]
[Date "2025.06.17"]
[Round "1"]
[White "Topencik, Bruno"]
[Black "Tulendinov, Dinmukhammed"]
[Result "0-1"]
[WhiteTitle "FM"]
[BlackTitle "FM"]
[WhiteElo "2276"]
[BlackElo "2104"]
[WhiteFideId "23716550"]
[BlackFideId "13730860"]
[EventDate "2025.06.17"]

1. e4 c5 2. Nc3 a6 3. a4 Nc6 4. Nge2 e6 5. g3 d5 6. exd5 exd5 7. d4 Nf6 8. Bg2
cxd4 9. Nxd4 Bg4 10. Nxc6 bxc6 11. Qd3 Be7 12. O-O O-O 13. h3 Bh5 14. Bg5 Bg6
15. Qd2 h6 16. Bf4 Bd6 17. Bxd6 Qxd6 18. Rfe1 Qb4 19. Ne4 Qxb2 20. Reb1 Nxe4 21.
Bxe4 Qf6 22. Bxg6 fxg6 23. Re1 Rae8 24. Rab1 Kh7 25. h4 Rb8 26. Qd3 Qxf2+ 27.
Kh1 Rxb1 28. Rxb1 Rf3 29. Qd1 Rxg3 30. Qf1 Qxc2 31. Re1 Qxa4 0-1

[Event "Titled Tue 17th Jun Early"]
[Site "chess.com INT"]
[Date "2025.06.17"]
[Round "1"]
[White "Willim, Michael"]
[Black "Gibala, Adam"]
[Result "0-1"]
[WhiteTitle "CM"]
[BlackTitle "CM"]
[WhiteElo "2024"]
[BlackElo "2245"]
[WhiteFideId "4632435"]
[BlackFideId "21070288"]
[EventDate "2025.06.17"]

1. c4 c6 2. Nc3 d5 3. e3 Nf6 4. Nf3 e6 5. b3 Be7 6. Bb2 O-O 7. Qc2 Nbd7 8. g4
Ne8 9. Rg1 a6 10. h4 b5 11. Bd3 g6 12. h5 Bf6 13. hxg6 hxg6 14. Bxg6 fxg6 15.
Qxg6+ Bg7 16. Qxe6+ Rf7 17. cxd5 Ne5 18. Nxe5 Bxe6 19. dxe6 Rxf2 20. Kxf2 Qxd2+
21. Ne2 Qxb2 22. Nxc6 Qf6+ 23. Nf4 Nd6 24. Nd4 Ne4+ 25. Ke2 Qh4 26. Rg2 Bxd4 27.
exd4 Qf6 28. Ke3 Ng5 29. Re2 Nxe6 30. Nxe6 Qxe6+ 31. Kd3 Qg6+ 32. Re4 Rc8 33.
Re1 Qc6 34. Re5 Qc2+ 35. Ke3 Rc3+ 36. Kf4 Qd2+ 37. Kf5 Rf3+ 38. Ke6 Qxd4 39.
Rg5+ Kf8 40. Rd5 Rf6+ 0-1

[Event "Titled Tue 17th Jun Early"]
[Site "chess.com INT"]
[Date "2025.06.17"]
[Round "1"]
[White "Stefanov, Plamen"]
[Black "Hobaica, Juan Pablo"]
[Result "0-1"]
[BlackTitle "IM"]
[WhiteElo "1982"]
[BlackElo "2386"]
[WhiteFideId "2900980"]
[BlackFideId "104159"]
[EventDate "2025.06.17"]

1. e4 e5 2. Nf3 Nc6 3. Bc4 Nf6 4. d3 Be7 5. h3 O-O 6. O-O d6 7. c3 Na5 8. Bb5 a6
9. Ba4 b5 10. Bc2 c5 11. Re1 Qc7 12. Nbd2 Nc6 13. Nf1 d5 14. exd5 Nxd5 15. Ng3
Be6 16. Ng5 Bxg5 17. Bxg5 Nf4 18. Bxf4 exf4 19. Ne4 Ne5 20. d4 cxd4 21. cxd4 Ng6
22. Ng5 Bd5 23. Rc1 Qd6 24. Qh5 h6 25. Ne4 Bxe4 26. Bxe4 Rae8 27. Rc6 Qxd4 28.
Qf3 Ne5 29. Qxf4 Nxc6 30. Bh7+ Kxh7 31. Qf5+ Kg8 32. Rxe8 Rxe8 33. Qxf7+ Kxf7 0-1

[Event "Titled Tue 17th Jun Early"]
[Site "chess.com INT"]
[Date "2025.06.17"]
[Round "1"]
[White "Rao, Anjaneya Sripathy"]
[Black "Odegov, Artem"]
[Result "0-1"]
[WhiteTitle "CM"]
[BlackTitle "FM"]
[WhiteElo "2217"]
[BlackElo "2244"]
[WhiteFideId "30954770"]
[BlackFideId "34183644"]
[EventDate "2025.06.17"]

1. c4 e6 2. Nc3 d5 3. cxd5 exd5 4. d4 c5 5. Nf3 Nc6 6. dxc5 d4 7. Ne4 Bxc5 8.
Nxc5 Qa5+ 9. Bd2 Qxc5 10. e3 dxe3 11. Bxe3 Qb4+ 12. Qd2 Qxd2+ 13. Nxd2 Nge7 14.
Bc4 O-O 15. O-O Nf5 16. Bc5 Rd8 17. Nf3 b6 18. Ba3 Bb7 19. Rad1 Na5 20. Be2 Nc6
21. Bd3 Nfd4 22. Nxd4 Nxd4 23. Rfe1 Ne6 24. f3 Rac8 25. b3 h5 26. Bf5 Rxd1 27.
Rxd1 Rd8 28. Rc1 Nd4 29. Bd3 Nxf3+ 30. gxf3 Rxd3 31. Rc7 Bxf3 32. Rxa7 Rd2 33.
Bb4 Rg2+ 34. Kf1 Rxh2 35. a4 h4 36. Bd6 Rd2 37. Bf4 Rd4 38. Be3 Rd3 39. Kf2 Bd5
40. b4 h3 41. Rc7 h2 0-1

[Event "Titled Tue 17th Jun Early"]
[Site "chess.com INT"]
[Date "2025.06.17"]
[Round "1"]
[White "Drozdowski, Kacper"]
[Black "Fernandez Garcia, Gumersindo"]
[Result "1-0"]
[WhiteTitle "IM"]
[BlackTitle "CM"]
[WhiteElo "2450"]
[BlackElo "2197"]
[WhiteFideId "1136720"]
[BlackFideId "24516740"]
[EventDate "2025.06.17"]

1. e4 c6 2. d4 d5 3. Nc3 dxe4 4. Nxe4 Nf6 5. Nxf6+ exf6 6. c3 Bd6 7. Bd3 Qc7 8.
Ne2 h5 9. Qc2 h4 10. Bd2 O-O 11. O-O-O Re8 12. g3 h3 13. Rde1 Nd7 14. Nf4 Rxe1+
15. Rxe1 Nf8 16. Kb1 Bd7 17. Bf5 Qc8 18. Bxd7 Qxd7 19. Qe4 Qg4 20. f3 Qd7 21. g4
Bxf4 22. Bxf4 Ne6 23. Bd2 Re8 24. Qf5 Qd5 25. Qxd5 cxd5 26. Kc2 Kf8 27. f4 g5
28. f5 Nc7 29. Kd3 Rxe1 30. Bxe1 Ke7 31. Bg3 Ne8 32. Ke3 Kd7 33. Kf3 Kc6 34. Bb8
a5 35. Kg3 b5 36. Kxh3 b4 37. cxb4 axb4 38. b3 Kb7 39. Bg3 Kc6 40. Kg2 Kb5 41.
Kf3 Ka5 42. Bb8 Kb5 43. Kg3 Ka5 44. h4 gxh4+ 45. Kxh4 Kb6 46. Kh5 Kb7 47. Bf4
Kc6 48. Kh6 Kd7 49. Kh7 Kd8 50. Kg8 Ke7 51. Bg3 1-0